[Event "FIDE Disabilities Olym"]
[Site "Belgrade"]
[Date "2023.01.31"]
[Round "?"]
[White "Kevorkov, Artur"]
[Black "Soltanov, Serik"]
[Result "1/2-1/2"]
[WhiteElo "2158"]
[BlackElo "2266"]
[PlyCount "32"]
[EventDate "2023.01.30"]
[EventType "team-swiss"]
[EventRounds "6"]
[EventCountry "SRB"]
[SourceTitle "CBM 212 Extra"]
[Source "ChessBase"]
[SourceDate "2023.03.31"]
[SourceVersion "1"]
[SourceVersionDate "2023.03.31"]
[SourceQuality "1"]
[WhiteTeam "Germany"]
[BlackTeam "Kazakhstan"]
[WhiteTeamCountry "GER"]
[BlackTeamCountry "KAZ"]

1. e4 g6 2. d4 h5 3. Nc3 Nh6 4. Bc4 c6 5. Nf3 Na6 6. Bf4 d6 7. Qd2 Nc7 8. h3 Be6 9. Bb3 Bxb3 10. axb3 Qd7 11. 0-0 Ne6 12. Be3 Nc7 13. Rfe1 Bg7 14. Bf4 Ne6 15. Be3 Nc7 16. Bf4 Ne6 1/2-1/2

[Event "WchT ICSC Silent 19th"]
[Site "Chiavenna"]
[Date "2019.12.20"]
[Round "9.3"]
[White "Glasser, Abraham"]
[Black "Kevorkov, Artur"]
[Result "1/2-1/2"]
[WhiteElo "1897"]
[BlackElo "2186"]
[PlyCount "86"]
[EventDate "2019.12.14"]
[EventType "team-tourn"]
[EventRounds "9"]
[EventCountry "ITA"]
[SourceTitle "CBM 193 Extra"]
[Source "ChessBase"]
[SourceDate "2020.01.31"]
[SourceVersion "1"]
[SourceVersionDate "2020.01.31"]
[SourceQuality "1"]
[WhiteTeam "United States"]
[BlackTeam "Germany"]
[WhiteTeamCountry "USA"]
[BlackTeamCountry "GER"]

1. d4 d5 2. c4 c6 3. Nc3 e6 4. cxd5 exd5 5. g3 Bd6 6. Bg2 Nf6 7. Nf3 0-0 8. 0-0 Re8 9. Re1 Nbd7 10. Qb3 Qb6 11. Qc2 Nf8 12. Bf4 Qd8 13. Bxd6 Qxd6 14. Rad1 Ng6 15. e4 dxe4 16. Nxe4 Nxe4 17. Rxe4 Rxe4 18. Qxe4 Be6 19. a3 Rd8 20. Ng5 Bd5 21. Qf5 h6 22. Ne4 Qc7 23. h4 Nf8 24. Qg4 Kh8 25. Qh5 Kg8 26. Qg4 Be6 27. Qe2 Qc8 28. Qc2 Bd5 29. Nc5 Ne6 30. Nxe6 Qxe6 31. Bxd5 Qxd5 32. b4 Re8 33. Qc3 b6 34. a4 Rd8 35. f3 c5 36. bxc5 bxc5 37. Qa5 cxd4 38. Qxd5 Rxd5 39. Kf2 Kf8 40. Rb1 Ke7 41. Ke2 Ke6 42. Kd3 Rd7 43. Rb5 f6 1/2-1/2

[Event "Schleswig Holstein-ch M"]
[Site "Eckernfoerde"]
[Date "2016.03.23"]
[Round "7"]
[White "Jahncke, Giso"]
[Black "Kevorkov, Artur"]
[Result "1-0"]
[WhiteElo "2294"]
[BlackElo "2238"]
[PlyCount "42"]
[EventDate "2016.03.19"]
[EventType "swiss"]
[EventRounds "9"]
[EventCountry "GER"]
[SourceTitle "EXT 2018"]
[Source "ChessBase"]
[SourceDate "2017.10.13"]
[SourceVersion "1"]
[SourceVersionDate "2017.10.13"]
[SourceQuality "1"]

1. d4 d5 2. Nf3 e6 3. c4 c6 4. e3 Nf6 5. Bd3 dxc4 6. Bxc4 c5 7. 0-0 Nc6 8. Qe2 cxd4 9. Rd1 Bc5 10. exd4 Be7 11. Nc3 0-0 12. a3 a6 13. Ba2 Qc7 14. Bg5 h6 15. Bh4 Rd8 16. Rac1 Nh7 17. Bg3 Bd6 18. d5 exd5 19. Nxd5 Qa5 20. Bxd6 Rxd6 21. Qe8+ Nf8 1-0

[Event "DEN-chT 1516 54th"]
[Site "Denmark"]
[Date "2016.01.24"]
[Round "6.3"]
[White "Rasmussen, Allan Stig"]
[Black "Kevorkov, Artur"]
[Result "1-0"]
[WhiteElo "2498"]
[BlackElo "2228"]
[PlyCount "79"]
[EventDate "2015.10.31"]
[EventType "team-tourn"]
[EventRounds "9"]
[EventCountry "DEN"]
[SourceTitle "EXT 2018"]
[Source "ChessBase"]
[SourceDate "2017.10.13"]
[SourceVersion "1"]
[SourceVersionDate "2017.10.13"]
[SourceQuality "1"]
[WhiteTeam "Philidor"]
[BlackTeam "Bov"]
[WhiteTeamCountry "DEN"]
[BlackTeamCountry "DEN"]

1. Nf3 d5 2. c4 c6 3. e3 Nf6 4. Nc3 e6 5. b3 Bd6 6. Bb2 Nbd7 7. Qc2 0-0 8. h3 Re8 9. g4 Nf8 10. g5 N6d7 11. h4 f5 12. cxd5 cxd5 13. Nb5 Bb8 14. Rc1 a6 15. Nc7 Bxc7 16. Qxc7 Qxc7 17. Rxc7 e5 18. Be2 Ne6 19. Rc2 Nd8 20. 0-0 Nc6 21. a3 e4 22. Nd4 Nde5 23. Rc5 Rd8 24. Kg2 Nxd4 25. Bxd4 Nc6 26. Kg3 Be6 27. Rfc1 Rac8 28. Kf4 Kf7 29. b4 Ne7 30. Rc7 Rxc7 31. Rxc7 Rd7 32. Rxd7 Bxd7 33. Ke5 Ng6+ 34. Kd6 Bc6 35. h5 Nf8 36. Bxa6 bxa6 37. Kxc6 Ne6 38. a4 Nxg5 39. b5 axb5 40. a5 1-0

[Event "DEN-chT 1516 54th"]
[Site "Denmark"]
[Date "2015.10.31"]
[Round "1"]
[White "Larsen, Karsten"]
[Black "Kevorkov, Artur"]
[Result "0-1"]
[WhiteElo "2252"]
[BlackElo "2228"]
[PlyCount "80"]
[EventDate "2015.10.31"]
[EventType "team-tourn"]
[EventRounds "9"]
[EventCountry "DEN"]
[SourceTitle "CBM 169 Extra"]
[Source "ChessBase"]
[SourceDate "2015.12.18"]
[SourceVersion "1"]
[SourceVersionDate "2015.12.18"]
[SourceQuality "1"]
[WhiteTeam "Obro"]
[BlackTeam "Bov"]
[WhiteTeamCountry "DEN"]
[BlackTeamCountry "DEN"]

1. Nf3 d5 2. g3 c6 3. Bg2 Nf6 4. 0-0 g6 5. d4 Bg7 6. c4 0-0 7. Nc3 dxc4 8. Ne5 Ng4 9. f4 Nxe5 10. dxe5 Qxd1 11. Rxd1 Be6 12. Be3 Na6 13. Rac1 f6 14. exf6 Bxf6 15. Rd2 Rfd8 16. Rcd1 Rxd2 17. Rxd2 Nc7 18. Bf2 Bxc3 19. bxc3 Nb5 20. Rc2 Rd8 21. Bc5 Kf7 22. a4 Nd6 23. e4 b6 24. Bd4 c5 25. Be3 Ne8 26. Kf2 Rd1 27. a5 Rb1 28. h3 h5 29. Ke2 Nd6 30. axb6 axb6 31. Kd2 Bd7 32. e5 Nb5 33. Bd5+ Be6 34. Bxe6+ Kxe6 35. Ra2 Nc7 36. Kc2 Rh1 37. g4 Rxh3 38. Bd2 hxg4 39. Ra7 Nd5 40. Ra4 g3 0-1

[Event "Schleswig Holstein-ch Seniors"]
[Site "Hanerau"]
[Date "2015.04.03"]
[Round "9"]
[White "Riess, Alexander"]
[Black "Kevorkov, Artur"]
[Result "1/2-1/2"]
[WhiteElo "2141"]
[BlackElo "2213"]
[PlyCount "112"]
[EventDate "2015.03.28"]
[EventType "swiss"]
[EventRounds "9"]
[EventCountry "GER"]
[SourceTitle "EXT 2018"]
[Source "ChessBase"]
[SourceDate "2017.10.13"]
[SourceVersion "1"]
[SourceVersionDate "2017.10.13"]
[SourceQuality "1"]

1. d4 d5 2. c4 c6 3. Nf3 Nf6 4. Nc3 e6 5. Bg5 h6 6. Bxf6 Qxf6 7. e3 Nd7 8. Bd3 dxc4 9. Bxc4 Be7 10. 0-0 0-0 11. Re1 Rd8 12. e4 e5 13. Qb3 b5 14. dxe5 Nxe5 15. Nxe5 bxc4 16. Nxc4 Be6 17. e5 Qg6 18. Qb7 Bh3 19. g3 Bc5 20. Nd6 Bxd6 21. exd6 Qxd6 22. Qe7 Be6 23. Qxd6 Rxd6 24. Rad1 Rad8 25. Rxd6 Rxd6 26. a3 Rd2 27. Re2 Rd3 28. Kf1 Bg4 29. Re8+ Kh7 30. Ke1 Rd7 31. Rb8 g5 32. Rb4 Bf3 33. Rc4 Kg6 34. Rc5 f5 35. Re5 Kf6 36. Re3 g4 37. Re8 Rb7 38. b4 Rd7 39. Re3 h5 40. Ne2 Rd8 41. Rc3 Rd6 42. Re3 Rd8 43. Rc3 Kg5 44. Re3 h4 45. Re6 h3 46. Re3 Kf6 47. Rc3 Re8 48. Re3 Rxe3 49. fxe3 Bxe2 50. Kxe2 Ke5 51. Kd3 Kd5 52. Kc3 Ke4 53. Kd2 Kf3 54. Kd3 Kf2 55. Kd2 Kf1 56. Kd1 Kf2 1/2-1/2

[Event "Oberliga Nord N 1314"]
[Site "Germany"]
[Date "2013.11.24"]
[Round "3.6"]
[White "Kevorkov, Artur"]
[Black "Stanau, Guido"]
[Result "1-0"]
[WhiteElo "2212"]
[BlackElo "2058"]
[PlyCount "95"]
[EventDate "2013.10.13"]
[EventType "team-tourn"]
[EventRounds "9"]
[EventCountry "GER"]
[SourceTitle "EXT 2015"]
[Source "ChessBase"]
[SourceDate "2014.11.20"]
[SourceVersion "1"]
[SourceVersionDate "2014.11.20"]
[SourceQuality "1"]
[WhiteTeam "Luebeck II"]
[BlackTeam "Hamburg Koenigsspringer"]
[WhiteTeamCountry "GER"]
[BlackTeamCountry "GER"]

1. e4 c5 2. Nf3 d6 3. c3 Nf6 4. Be2 Nc6 5. d3 g6 6. 0-0 Bg7 7. Nbd2 0-0 8. Re1 Rb8 9. Nf1 b5 10. Bg5 Qb6 11. Qd2 b4 12. c4 Bg4 13. Ne3 Bxf3 14. Bxf3 e6 15. Bd1 Nd4 16. Rf1 Nd7 17. f4 f6 18. Bh4 f5 19. Kh1 Qc7 20. Rb1 Nb6 21. b3 Rbe8 22. exf5 Nxf5 23. Nxf5 exf5 24. Bf3 Bc3 25. Qc2 Qg7 26. Be1 Bd4 27. Bd2 Re7 28. Bc6 Rc8 29. Bb5 a6 30. Bxa6 Ra8 31. Bb5 Rea7 32. Rfe1 Rxa2 33. Qd1 Bf2 34. Re8+ Rxe8 35. Bxe8 Qe7 36. Bc6 Be3 37. Bxe3 Qxe3 38. Qe1 Re2 39. Qh4 Qxd3 40. Ra1 Ra2 41. Qd8+ Kg7 42. Qe7+ Kg8 43. Re1 Rf2 44. Qd8+ Kg7 45. Re7+ Kh6 46. Qf8+ Kh5 47. Rxh7+ Kg4 48. Rh4+ 1-0

[Event "W-ch Disabled"]
[Site "Dresden"]
[Date "2013.10.28"]
[Round "7"]
[White "Kevorkov, Artur"]
[Black "Falkowski, Dawid"]
[Result "1/2-1/2"]
[WhiteElo "2212"]
[BlackElo "2015"]
[PlyCount "64"]
[EventDate "2013.10.22"]
[EventType "swiss"]
[EventRounds "7"]
[EventCountry "GER"]
[SourceTitle "CBM 157 Extra"]
[Source "ChessBase"]
[SourceDate "2013.12.19"]
[SourceVersion "1"]
[SourceVersionDate "2013.12.19"]
[SourceQuality "1"]

1. e4 e5 2. Bc4 Nf6 3. d3 Bc5 4. Nf3 Nc6 5. 0-0 d6 6. c3 0-0 7. b4 Bb6 8. a4 a5 9. b5 Ne7 10. Bg5 Ng6 11. h3 h6 12. Be3 c6 13. bxc6 bxc6 14. Bxb6 Qxb6 15. Qb3 Rb8 16. Qxb6 Rxb6 17. Nbd2 Bd7 18. Ba2 d5 19. Rfe1 Rb2 20. Reb1 Rfb8 21. Bb3 Rxb1+ 22. Rxb1 Be6 23. Bc2 Rxb1+ 24. Bxb1 dxe4 25. dxe4 Nd7 26. Bc2 Nc5 27. h4 f6 28. g3 Kf7 29. Ne1 Nf8 30. Nd3 Nfd7 31. Nxc5 Nxc5 32. f3 Ke7 1/2-1/2

[Event "W-ch Disabled"]
[Site "Dresden"]
[Date "2013.10.25"]
[Round "4"]
[White "Kevorkov, Artur"]
[Black "Rudolf, Theo"]
[Result "0-1"]
[WhiteElo "2212"]
[BlackElo "1931"]
[PlyCount "78"]
[EventDate "2013.10.22"]
[EventType "swiss"]
[EventRounds "7"]
[EventCountry "GER"]
[SourceTitle "CBM 157 Extra"]
[Source "ChessBase"]
[SourceDate "2013.12.19"]
[SourceVersion "1"]
[SourceVersionDate "2013.12.19"]
[SourceQuality "1"]

1. e4 c6 2. d4 d5 3. Nd2 dxe4 4. Nxe4 Bf5 5. Ng3 Bg6 6. h4 h6 7. Nf3 Nd7 8. h5 Bh7 9. Bd3 Bxd3 10. Qxd3 Ngf6 11. Bd2 Qc7 12. 0-0-0 e6 13. Ne4 0-0-0 14. g3 Nxe4 15. Qxe4 Bd6 16. c4 c5 17. Kb1 cxd4 18. Nxd4 a6 19. Qe2 Be5 20. Bc3 Bf6 21. Rd2 Nc5 22. b3 Rd6 23. Rhd1 Rhd8 24. Qe3 Kb8 25. f4 b6 26. g4 Qb7 27. Re1 e5 28. Ne2 Rxd2 29. Bxd2 Rd3 30. Nc3 Rxe3 31. Rxe3 exf4 32. Re8+ Ka7 33. Nd5 f3 34. Be3 f2 35. Bxf2 Qd7 36. Rf8 Kb7 37. b4 Na4 38. Kc2 b5 39. Bg3 bxc4 0-1

[Event "Oberliga Nord N 1314"]
[Site "Germany"]
[Date "2013.10.13"]
[Round "1.4"]
[White "Hansen, Mads"]
[Black "Kevorkov, Artur"]
[Result "1/2-1/2"]
[WhiteElo "2331"]
[BlackElo "2212"]
[PlyCount "146"]
[EventDate "2013.10.13"]
[EventType "team-tourn"]
[EventRounds "9"]
[EventCountry "GER"]
[SourceTitle "EXT 2015"]
[Source "ChessBase"]
[SourceDate "2014.11.20"]
[SourceVersion "1"]
[SourceVersionDate "2014.11.20"]
[SourceQuality "1"]
[WhiteTeam "Preetz"]
[BlackTeam "Luebeck II"]
[WhiteTeamCountry "GER"]
[BlackTeamCountry "GER"]

1. c4 c6 2. g3 d5 3. Nf3 Nf6 4. Bg2 e6 5. 0-0 Bd6 6. b3 0-0 7. Bb2 Nbd7 8. d3 Re8 9. Nbd2 e5 10. cxd5 cxd5 11. e4 dxe4 12. dxe4 Nb6 13. h3 Bd7 14. a4 a5 15. Rc1 Bc6 16. Qe2 Nfd7 17. Rfd1 Qe7 18. Nh4 g6 19. Qg4 Qe6 20. Qg5 Qe7 21. Qh6 Qf8 22. Qe3 Bc5 23. Qe2 Ba3 24. Bxa3 Qxa3 25. Qe3 Qe7 26. Nhf3 Rac8 27. h4 Qb4 28. Bh3 Rcd8 29. Nc4 Nxc4 30. Rxc4 Qe7 31. Bxd7 Rxd7 32. Rxd7 Qxd7 33. Rc5 Qg4 34. Nxe5 Qxe4 35. Qxe4 Bxe4 36. Ng4 Kg7 37. Rxa5 Bc2 38. Rb5 Re1+ 39. Kg2 h5 40. Ne5 Rb1 41. b4 Bxa4 42. Rxb7 Bb3 43. Rd7 Kf6 44. Nf3 Ke6 45. Nd2 Rd1 46. Rd4 Bd5+ 47. f3 Ke5 48. Rd3 Ra1 49. Kf2 Ra4 50. f4+ Ke6 51. Rd4 Ra2 52. Ke3 Ra3+ 53. Rd3 Ra4 54. Rd4 Ra3+ 55. Kf2 Ra2 56. Ke2 Ra3 57. Rd3 Ra4 58. Re3+ Kd7 59. Re5 Bb7 60. b5 Rb4 61. Kd3 f6 62. Kc3 fxe5 63. Kxb4 exf4 64. gxf4 Ke6 65. Nc4 Kd5 66. b6 Ba8 67. Ne5 Ke4 68. Nxg6 Kf5 69. Nf8 Kxf4 70. Kc5 Kg4 71. Ng6 Kf5 72. Ne7+ Kg4 73. Ng6 Kf5 1/2-1/2

[Event "EU-chT ICCD Silent 21st"]
[Site "Kaunas"]
[Date "2013.06.14"]
[Round "3.3"]
[White "Kevorkov, Artur"]
[Black "Gerasimov, Aleksander"]
[Result "1-0"]
[WhiteElo "2260"]
[BlackElo "2188"]
[PlyCount "131"]
[EventDate "2013.06.13"]
[EventType "team-swiss"]
[EventRounds "7"]
[EventCountry "LTU"]
[SourceTitle "EXT 2015"]
[Source "ChessBase"]
[SourceDate "2014.11.20"]
[SourceVersion "1"]
[SourceVersionDate "2014.11.20"]
[SourceQuality "1"]

1. Nf3 d5 2. d4 Nf6 3. e3 Bf5 4. c4 c6 5. Qb3 Qb6 6. c5 Qc7 7. Bd3 Bg6 8. Ne5 Bxd3 9. Qxd3 Nfd7 10. f4 f6 11. Nf3 e6 12. 0-0 Be7 13. Nc3 0-0 14. Bd2 e5 15. Qf5 e4 16. Nh4 Rf7 17. Qg4 g6 18. f5 g5 19. g3 Na6 20. Ng2 Kh8 21. a3 Rg8 22. b4 b6 23. Qe2 Nab8 24. Rfc1 a5 25. cxb6 Nxb6 26. bxa5 Nc4 27. Nxe4 Nxa5 28. Bxa5 Qxa5 29. Nc5 Bxc5 30. Rxc5 Qa4 31. Qc2 Ra7 32. Ne1 Re8 33. Qxa4 Rxa4 34. Kf2 Kg8 35. Nd3 Kf8 36. Nb4 Na6 37. Nxa6 Rxa6 38. a4 Rb8 39. Ra2 Ke7 40. Ke2 Kd6 41. Kd2 Rb1 42. Rc1 Rxc1 43. Kxc1 c5 44. Kc2 c4 45. Kc3 Kc6 46. e4 dxe4 47. Kxc4 e3 48. Kd3 Kd5 49. Kxe3 Rb6 50. a5 Rb3+ 51. Kf2 Kxd4 52. a6 Rb8 53. a7 Ra8 54. Ra5 g4 55. Kg2 Ke4 56. h3 h5 57. hxg4 hxg4 58. Kf2 Kd4 59. Ra4+ Ke5 60. Ke3 Kxf5 61. Ra5+ Kg6 62. Kf4 f5 63. Ra6+ Kh5 64. Kxf5 Rf8+ 65. Ke4 Re8+ 66. Kd5 1-0

[Event "EU-chT ICCD Silent 21st"]
[Site "Kaunas"]
[Date "2013.06.13"]
[Round "2.2"]
[White "Georgiev, Veselin"]
[Black "Kevorkov, Artur"]
[Result "1-0"]
[WhiteElo "2374"]
[BlackElo "2260"]
[PlyCount "95"]
[EventDate "2013.06.13"]
[EventType "team-swiss"]
[EventRounds "7"]
[EventCountry "LTU"]
[SourceTitle "EXT 2015"]
[Source "ChessBase"]
[SourceDate "2014.11.20"]
[SourceVersion "1"]
[SourceVersionDate "2014.11.20"]
[SourceQuality "1"]

1. c4 e5 2. Nc3 Nc6 3. g3 g6 4. Bg2 Bg7 5. e3 d6 6. Nge2 h5 7. h3 Nf6 8. d4 Qe7 9. Nd5 Qd8 10. Bd2 0-0 11. Bc3 Bf5 12. 0-0 Re8 13. Nxf6+ Bxf6 14. d5 Ne7 15. e4 Bd7 16. f4 Bg7 17. Qd3 Qc8 18. Kh2 f6 19. Rf2 Rf8 20. Raf1 a5 21. c5 b6 22. c6 Be8 23. h4 Bf7 24. fxe5 dxe5 25. Rxf6 Bxf6 26. Rxf6 Qe8 27. Qe3 Kh7 28. Qg5 Ng8 29. Bxe5 Nxf6 30. Qxf6 Rg8 31. Nf4 Qf8 32. Nh3 Rg7 33. Ng5+ Kg8 34. Bc3 Re8 35. e5 Qe7 36. Qxe7 Rxe7 37. d6 Bxa2 38. dxe7 Rxe7 39. e6 Kf8 40. Bf6 Bxe6 41. Bxe7+ Kxe7 42. Nxe6 Kxe6 43. Be4 Kf6 44. Kg2 b5 45. Bd3 b4 46. b3 g5 47. hxg5+ Kxg5 48. Kh3 1-0

[Event "BL2-Nord 1213"]
[Site "Germany"]
[Date "2012.11.11"]
[Round "2.5"]
[White "Kevorkov, Artur"]
[Black "Gruenberg, Hans Ulrich"]
[Result "1/2-1/2"]
[WhiteElo "2277"]
[BlackElo "2392"]
[PlyCount "83"]
[EventDate "2012.10.14"]
[EventType "team-tourn"]
[EventRounds "9"]
[EventCountry "GER"]
[SourceTitle "CBM 154 Extra"]
[Source "ChessBase"]
[SourceDate "2013.06.25"]
[SourceVersion "2"]
[SourceVersionDate "2013.06.25"]
[SourceQuality "1"]
[WhiteTeam "Luebeck"]
[BlackTeam "Rostock SSC 07"]
[WhiteTeamCountry "GER"]
[BlackTeamCountry "GER"]

1. e4 c5 2. Nf3 d6 3. d4 cxd4 4. Nxd4 Nf6 5. Nc3 a6 6. Be2 e6 7. Be3 Be7 8. 0-0 0-0 9. f4 Qc7 10. Bf3 Nc6 11. Kh1 Re8 12. Nb3 Nd7 13. g4 b5 14. Qe2 Bb7 15. Qf2 Nc5 16. Nxc5 dxc5 17. Bg2 Na5 18. Rae1 Nc4 19. Bc1 Rad8 20. b3 Qa5 21. Nd1 Nb6 22. f5 exf5 23. Qxf5 f6 24. Qe6+ Kh8 25. g5 Nd7 26. Bb2 Ne5 27. Bxe5 fxe5 28. Qf7 Qc7 29. Qh5 g6 30. Qh4 Rf8 31. Ne3 Rf4 32. Rxf4 exf4 33. Nd5 Bxd5 34. exd5 Rf8 35. Be4 Kg8 36. Qg4 Bd6 37. Qe6+ Kg7 38. Bf3 Rf7 39. Re2 Qe7 40. Qg4 Qd7 41. Qxd7 Rxd7 42. Re6 1/2-1/2

[Event "Oberliga Nord N 0910"]
[Site "Germany"]
[Date "2010.02.28"]
[Round "7.4"]
[White "Kevorkov, Artur"]
[Black "Stephan, Axel"]
[Result "1-0"]
[WhiteElo "2248"]
[BlackElo "2225"]
[PlyCount "168"]
[EventDate "2009.10.18"]
[EventType "team-tourn"]
[EventRounds "9"]
[EventCountry "GER"]
[SourceTitle "EXT 2011"]
[Source "ChessBase"]
[SourceDate "2010.11.26"]
[SourceVersion "1"]
[SourceVersionDate "2010.11.26"]
[SourceQuality "1"]
[WhiteTeam "Luebeck"]
[BlackTeam "Hamburg Diogenes"]
[WhiteTeamCountry "GER"]
[BlackTeamCountry "GER"]

1. e4 e6 2. d4 d5 3. Nd2 dxe4 4. Nxe4 Nd7 5. Nf3 Ngf6 6. Bg5 Be7 7. Bxf6 Nxf6 8. Bd3 Nxe4 9. Bxe4 c5 10. c3 cxd4 11. Nxd4 e5 12. Nf3 Qc7 13. 0-0 0-0 14. Re1 Bf6 15. Bd5 Bg4 16. Qb3 Bxf3 17. Bxf3 Rab8 18. Bd5 b6 19. Re4 Rbd8 20. Rd1 Rd6 21. Qb5 g6 22. c4 Bg7 23. b4 Rfd8 24. Re3 Kh8 25. Red3 h5 26. Bxf7 Rxd3 27. Rxd3 Bf8 28. Bd5 Qe7 29. a3 Kh7 30. Qc6 Rd6 31. Qc8 Bg7 32. Qh3 Qg5 33. g3 Rd8 34. Qf1 Qe7 35. Qe2 Bf6 36. Be4 Kg7 37. Qc2 Rxd3 38. Qxd3 g5 39. Bh7 Kh8 40. Qg6 Bg7 41. Qxh5 Bf6 42. Be4+ Kg8 43. Qg6+ Bg7 44. Bd5+ Kf8 45. Qf5+ Bf6 46. Qc8+ Kg7 47. Qg8+ Kh6 48. Bf7 Bg7 49. Bd5 e4 50. Qe6+ Qxe6 51. Bxe6 Bb2 52. Bd5 Bxa3 53. b5 e3 54. fxe3 Bc5 55. Kf2 Kg6 56. Kf3 Kf5 57. e4+ Kf6 58. Kg4 Bd4 59. h4 gxh4 60. gxh4 Be3 61. Kh5 Bf2 62. Bc6 Be1 63. Bd5 Bf2 64. Kg4 Be1 65. h5 Bd2 66. Kf3 Bh6 67. Ke2 Ke5 68. Kd3 Kd6 69. Bg8 Bf4 70. Kd4 Be5+ 71. Ke3 Ke7 72. h6 Kf6 73. h7 Kg5 74. Kd3 Kf4 75. Bd5 Kg5 76. Be6 Kf4 77. Bf5 Kg5 78. c5 bxc5 79. Kc4 Bd4 80. Kd5 Kf4 81. Bg6 Be5 82. Kxc5 Ke3 83. Kd5 Kf4 84. Ke6 Bd4 1-0

[Event "Oberliga Nord N 0910"]
[Site "Germany"]
[Date "2009.11.15"]
[Round "2.4"]
[White "Hasselmann, Dieter"]
[Black "Kevorkov, Artur"]
[Result "1-0"]
[WhiteElo "2131"]
[BlackElo "2248"]
[PlyCount "61"]
[EventDate "2009.10.18"]
[EventType "team-tourn"]
[EventRounds "9"]
[EventCountry "GER"]
[SourceTitle "EXT 2011"]
[Source "ChessBase"]
[SourceDate "2010.11.26"]
[SourceVersion "1"]
[SourceVersionDate "2010.11.26"]
[SourceQuality "1"]
[WhiteTeam "Schwerin"]
[BlackTeam "Luebeck"]
[WhiteTeamCountry "GER"]
[BlackTeamCountry "GER"]

1. e4 e6 2. d4 d5 3. exd5 exd5 4. Nf3 Bd6 5. c4 c6 6. Nc3 Qe7+ 7. Be3 Nf6 8. h3 Be6 9. Qb3 dxc4 10. Bxc4 Bxc4 11. Qxc4 Nbd7 12. 0-0 Nb6 13. Qb3 0-0 14. Bg5 h6 15. Rfe1 Qd8 16. Bxf6 Qxf6 17. a4 Rab8 18. a5 Nc8 19. Ne5 Bxe5 20. dxe5 Qf5 21. Rad1 Re8 22. g4 Qg6 23. f4 h5 24. f5 Qg5 25. Ne4 Qh4 26. g5 Qf4 27. f6 Qxe5 28. g6 Qc7 29. Ng5 Nd6 30. Rxe8+ Rxe8 31. Rxd6 1-0